000 00661nam a2200217 a 4500
001 000023314
005 20200930022131.0
008 101202s1972 sp r 000 0 spa d
040 _aDO-SdBNP
_bspa
_cBNPHU
082 _a928
_bV297j
100 1 _aVargas, Manuel Arturo
_948011
245 1 0 _aJames Joyce /
_cManuel Arturo Vargas.
260 _aMadrid :
_bEPESA,
_c1972.
300 _a203, [3] p. ;
_c17 cm.
490 1 _aGrandes escritores contemporáneos
_v56
600 1 0 _aJOYCE, JAMES
_d1882-1941
_912877
650 4 _aAutores irlandeses
_948012
650 4 _aNovelistas
_948013
830 0 _aGrandes escritores contemporáneos ;
_v56
_98994
049 _aBNGR
999 _c22811
_d22811